Holby City Characters - Statistics

General Stats
  • This quiz has been taken 327 times
  • The average score is 14 of 91
Answer Stats
Hint Answer % Correct
2005- Jac Naylor
84%
2001- Ric Griffin
72%
2010- Sacha Levy
61%
2012- Arthur Digby
57%
2013- Zosia March
56%
2009-2013 Oliver Valentine
55%
2013- Guy Self
53%
2012- Serena Campbell
52%
2014- Dominic Copeland
48%
2010-2013 Henrik Hanssen
45%
2004-2010 Connie Beauchamp
44%
2012- Mo Effanga
40%
2009-2011 Penny Valentine
39%
2007-2013 Michael Spence
38%
2001-2013 Chrissie Williams
36%
2004-2011 Donna Jackson
33%
2014- Adele Effanga
28%
2005- Elliott Hope
26%
2012-2013 Tara Lo
24%
2012- Jonny Maconie
23%
2006-2011 Joseph Byrne
23%
2013- Harry Tressler
21%
2014- Raf Di Lucca
20%
2011-2013 Chantelle Lane
17%
2007-2010 Faye Morton
17%
2005-2008 Lola Griffin
17%
2005-2011 Mark Williams
17%
2006-2008 Sam Strachan
17%
2002-2005 Jess Griffin
15%
2011-2012 Sahira Shah
15%
1999-2002 Anton Meyer
14%
2010-2012 Greg Douglas
14%
2011-2013 Antoine Malick
13%
2013 Edward Campbell
12%
2013- Colette Sheward
11%
2002-2007 Diane Lloyd
11%
2008-2010 Linden Cullen
11%
2007-2009 Maddy Young
11%
2000-2003 Alex Adams
10%
1999-2001 Nick Jordan
10%
2014- Amy Teo
9%
2013 Gemma Wilde
9%
1999-2004 Kath Fox
8%
2006-2010 Maria Kendall
8%
2013- Mary-Clare Carter
8%
2003-2006 Tricia Williams
8%
2001-2005 Lisa Fox
7%
2001-2005 Owen Davis
7%
2002-2004 Tom Campbell-Gore
7%
2008-2010 Daisha Anderson
6%
2011-2012 Eddie McKee
6%
2006-2009 Dan Clifford
5%
2011-2012 Dan Hamilton
5%
1999-2003 Danny Shaughnessy
5%
2010-2011 Elizabeth Tait
5%
2011-2013 Luc Hemmingway
5%
2002-2003 Ben Saunders
4%
1999-2001 Jasmine Hopkins
4%
2001-2005 Mubbs Hussein
4%
1999-2001 Victoria Merrick
4%
2004-2005 Will Curtis
4%
2001-2004 Alistair Taylor
3%
2002-2004 Ed Keating
3%
2000-2002 Janice Taylor
3%
1999-2001 Julie Fitzjohn
3%
2003-2004 Kelly Yorke
3%
2000-2002 Keri McGrath
3%
1999-2000 Kirstie Collins
3%
2001-2002 Liam Evans
3%
2004-2006 Mickie Hendrie
3%
1999-2001 Mike Barratt
3%
2003 Nic Yorke
3%
1999-2000 Ray Sykes
3%
2000-2003 Steve Waring
3%
1999-2002 Tash Bandara
3%
2003-2005 Zubin Khan
3%
2005-2008 Abra Durrant
2%
2007-2008 Annalese Carson
2%
2005-2007 Dean West
2%
1999-2000 Karen Newburn
2%
2005-2007 Matt Parker
2%
1999 Muriel McKendrick
2%
2003-2005 Rosie Sattar
2%
2001-2002 Sam Kennedy
2%
2000-2003 Sandy Harper
2%
2004-2005 Sean Thompson
2%
2000-2004 Stan Ashleigh
2%
1999 Ellie Sharpe
1%
2010-2012 Frieda Pentrenko
1%
2006-2008 Kyla Tyson
1%
1999 Paul Ripley
1%
No matching quizzes found
Score Distribution
Percent of People with Each Score
Percentile by Number Answered
Your Score History
You have not taken this quiz